[Event "ChessOrg-Casino-Open"]
[Site "Seefeld/Tirol"]
[Date "2005.09.20"]
[Round "3"]
[White "Pilz, Dieter"]
[Black "van der Weide, Karel"]
[Result "0-1"]
[WhiteElo "2303"]
[BlackElo "2482"]
[PlyCount "120"]
[EventDate "2005.??.??"]

1. Nf3 Nf6 2. c4 g6 3. g3 Bg7 4. Bg2 O-O 5. O-O d6 6. Nc3 e5 7. d3 c6 8. Rb1
Re8 9. e4 Nbd7 10. b4 a6 11. a4 h5 12. b5 Nc5 13. h3 Bd7 14. Kh2 Qe7 15. Ba3
Rad8 16. Qc2 Bc8 17. Rfe1 Nfd7 18. Rbd1 Qf6 19. Rf1 a5 20. Bc1 Ne6 21. Bd2 Ndc5
22. Ne2 Bd7 23. Ra1 Ra8 24. Ra2 Qe7 25. Bc1 Qf8 26. Ba3 Rac8 27. Qd1 Bh6 28.
Nc3 Qg7 29. Ra1 Kh7 30. Rb1 Rg8 31. Rg1 Rgf8 32. Bc1 Bxc1 33. Rxc1 Qh6 34. Rc2
h4 35. bxc6 hxg3+ 36. fxg3 bxc6 37. Qd2 Qxd2 38. Rxd2 Rb8 39. Re1 Rb3 40. Rc1
Ra3 41. Rcc2 Kg7 42. Rd1 Nb3 43. Rb2 Nbd4 44. Nxd4 exd4 45. Ne2 Rxa4 46. Rb7
Rd8 47. Rd2 Nc5 48. Ra7 Nb3 49. Rb2 Ra3 50. h4 Bg4 51. Nf4 Nc5 52. Bh3 Bxh3 53.
Kxh3 Rd7 54. Rxd7 Nxd7 55. Rb7 Nc5 56. Rc7 a4 57. Rxc6 Rb3 58. e5 a3 59. exd6
a2 60. Rxc5 a1=Q 0-1

[Event "ChessOrg-Casino-Open"]
[Site "Seefeld/Tirol"]
[Date "2005.09.20"]
[Round "4"]
[White "Feige, Manuel"]
[Black "Levin, Felix"]
[Result "1/2-1/2"]
[WhiteElo "2387"]
[BlackElo "2498"]
[PlyCount "119"]
[EventDate "2005.??.??"]

1. d4 d5 2. c4 dxc4 3. Nf3 Nf6 4. e3 e6 5. Bxc4 a6 6. a4 b6 7. O-O Bb7 8. Qe2
Nbd7 9. Nc3 c5 10. Rd1 Qc7 11. d5 exd5 12. Nxd5 Nxd5 13. Bxd5 Bxd5 14. Rxd5 Be7
15. e4 O-O 16. Bg5 Bxg5 17. Rxg5 Rfe8 18. Re1 Nf8 19. e5 Qc6 20. Qc2 Rad8 21.
Rg4 Qd7 22. h3 Qd3 23. Qc1 Rd5 24. Rge4 b5 25. axb5 axb5 26. Qf4 Ne6 27. Qg4
Qc2 28. R4e2 Qg6 29. Qh4 h6 30. Re4 Ng5 31. Nxg5 Qxg5 32. Qxg5 hxg5 33. e6 Rxe6
34. Rxe6 fxe6 35. Rxe6 c4 36. Rb6 Kf7 37. Kf1 Re5 38. g3 Ke7 39. Rg6 Kf7 40.
Rb6 Ke7 41. f4 gxf4 42. gxf4 Rh5 43. Kf2 Kd7 44. Ke2 Kc7 45. Rg6 Rxh3 46. Rxg7+
Kd6 47. Rg2 Rb3 48. Kd1 Rf3 49. Rg5 Kc6 50. Rf5 Rf2 51. Kc1 Kb6 52. b4 cxb3 53.
Re5 Ka5 54. Re4 b4 55. Re8 b2+ 56. Kb1 Ka4 57. Ka2 b1=Q+ 58. Kxb1 Ka3 59. Re3+
b3 60. Re1 1/2-1/2

[Event "ChessOrg-Casino-Open"]
[Site "Seefeld/Tirol"]
[Date "2005.09.25"]
[Round "9"]
[White "Ivanov, Michail"]
[Black "Dittmar, Peter"]
[Result "1-0"]
[WhiteElo "2426"]
[BlackElo "2326"]
[PlyCount "115"]
[EventDate "2005.??.??"]

1. Nf3 d5 2. b3 c6 3. Bb2 Bg4 4. e3 e6 5. Be2 Nf6 6. h3 Bh5 7. d3 Nbd7 8. Nbd2
h6 9. O-O Be7 10. e4 O-O 11. Re1 a5 12. a3 Bg6 13. e5 Ne8 14. d4 Nc7 15. Nf1 b5
16. Bd3 c5 17. Ng3 c4 18. Bxg6 fxg6 19. Bc1 Nb6 20. Ne2 g5 21. Nh2 Qe8 22. f4
gxf4 23. Nxf4 Bg5 24. Qg4 Bxf4 25. Bxf4 Kh7 26. Bd2 Qg6 27. Qxg6+ Kxg6 28. Rf1
Rxf1+ 29. Rxf1 cxb3 30. cxb3 a4 31. b4 Nc4 32. Bc1 Na6 33. Nf3 Rc8 34. g4 Nb8
35. h4 h5 36. Ng5 Re8 37. Kg2 Nc6 38. Rf4 Nd8 39. Kg3 Rh8 40. gxh5+ Rxh5 41.
Rf8 Rxg5+ 42. hxg5 Nc6 43. Rf4 Kxg5 44. Rg4+ Kf5 45. Kh4 Nxd4 46. Rxd4 Kxe5 47.
Rg4 d4 48. Rxg7 Ke4 49. Rb7 d3 50. Rxb5 Nxa3 51. Rc5 Nb1 52. b5 a3 53. b6 d2
54. Bxd2 Nxd2 55. b7 Nb3 56. Rc4+ Kd5 57. Ra4 Nc5 58. b8=Q 1-0

[Event "ChessOrg-Casino-Open"]
[Site "Seefeld/Tirol"]
[Date "2005.09.17"]
[Round "1"]
[White "Rotstein, Arkadij"]
[Black "Kreusch, Frank"]
[Result "1-0"]
[WhiteElo "2520"]
[BlackElo "2037"]
[PlyCount "104"]
[EventDate "2005.??.??"]

1. e4 d5 2. exd5 Nf6 3. d4 Nxd5 4. c4 Nb6 5. Nc3 e5 6. dxe5 Qxd1+ 7. Kxd1 Nc6
8. Nf3 Be6 9. b3 O-O-O+ 10. Kc2 Bc5 11. Be3 Bxe3 12. fxe3 Rhe8 13. Be2 Nd7 14.
Rad1 Ndxe5 15. Nxe5 Nxe5 16. Rxd8+ Rxd8 17. Rf1 Rd7 18. h3 g6 19. g4 f5 20. g5
c6 21. h4 Kc7 22. Na4 b6 23. Nb2 Rd6 24. Nd3 Nxd3 25. Bxd3 Rd7 26. Kc3 Rf7 27.
b4 Kd6 28. a4 Ke5 29. a5 f4 30. exf4+ Rxf4 31. Rxf4 Kxf4 32. Kd4 Bf5 33. Be2
Be4 34. c5 bxa5 35. bxa5 Bd5 36. Bd1 Kf5 37. Bc2+ Kg4 38. Ke5 Kxh4 39. Kf4 Kh3
40. Bd1 Kg2 41. Bg4 Kf2 42. Bd7 Kg2 43. Ke5 Kg3 44. Kd6 Kf4 45. Bxc6 Bc4 46.
Bd5 Ba6 47. Kc7 Bb5 48. Kb7 a6 49. c6 Kxg5 50. c7 Bd7 51. Kxa6 h5 52. Kb6 Bc8
1-0

[Event "ChessOrg-Casino-Open"]
[Site "Seefeld/Tirol"]
[Date "2005.09.23"]
[Round "6"]
[White "Ivanov, Michail"]
[Black "Pilz, Dieter"]
[Result "1-0"]
[WhiteElo "2426"]
[BlackElo "2303"]
[PlyCount "103"]
[EventDate "2005.??.??"]

1. Nf3 Nf6 2. c4 c5 3. Nc3 g6 4. d4 cxd4 5. Nxd4 Bg7 6. e4 d6 7. Be2 O-O 8. O-O
Nc6 9. Be3 Bd7 10. Nc2 a5 11. f4 Nb4 12. Na3 Bc6 13. Bf3 Nd7 14. Qe2 a4 15.
Rfd1 Qc8 16. Rac1 Na6 17. Nd5 Bxd5 18. cxd5 Qd8 19. Qb5 Nac5 20. Nc4 g5 21.
fxg5 Ne5 22. Nxe5 Bxe5 23. Bd4 Bxd4+ 24. Rxd4 Nd7 25. Rc3 Ne5 26. Rb4 a3 27.
bxa3 Rc8 28. Rbb3 Rxc3 29. Rxc3 Qa8 30. Qe2 Rc8 31. Qe3 Kg7 32. h4 Rxc3 33.
Qxc3 Qa7+ 34. Kf1 Qb6 35. h5 Qb1+ 36. Kf2 Qxa2+ 37. Kg3 Qb1 38. a4 f6 39. gxf6+
exf6 40. a5 Qg1 41. Kf4 Qh2+ 42. Kf5 Qh4 43. Ke6 f5 44. Qc7+ Kf8 45. Qc8+ Kg7
46. Qxb7+ Kf8 47. Qb8+ Kg7 48. Qc7+ Kg8 49. Qxd6 Nf7 50. Qb8+ Kg7 51. Qb2+ Kg8
52. Qf6 1-0

[Event "ChessOrg-Casino-Open"]
[Site "Seefeld/Tirol"]
[Date "2005.09.20"]
[Round "3"]
[White "Heinig, Wolfram"]
[Black "Antic, Dejan"]
[Result "1/2-1/2"]
[WhiteElo "2319"]
[BlackElo "2512"]
[PlyCount "104"]
[EventDate "2005.??.??"]

1. d4 Nf6 2. c4 g6 3. Nc3 Bg7 4. e4 d6 5. Be2 O-O 6. Bg5 Na6 7. Qd2 Qe8 8. h4
e5 9. d5 Nc5 10. Bf3 h5 11. Nge2 a6 12. Ng3 Bd7 13. b4 Na4 14. Nxa4 Bxa4 15.
Bxf6 Bxf6 16. Bxh5 Kg7 17. Bg4 Qe7 18. h5 Rh8 19. Rh3 Bg5 20. Qc3 Qf6 21. Qf3
Qf4 22. Qxf4 exf4 23. Ne2 Rae8 24. f3 f5 25. exf5 gxh5 26. Bxh5 Re3 27. Kf2 Rd3
28. Re1 Rd2 29. Kg1 Bc2 30. f6+ Kxf6 31. Nc3 Kg7 32. Bg4 Rxh3 33. Bxh3 Bf6 34.
Ne4 Bd4+ 35. Kh2 Bxe4 36. Rxe4 Be5 37. Bc8 b6 38. a4 a5 39. bxa5 bxa5 40. Kh3
Kg6 41. Bd7 Kg5 42. Re1 Rc2 43. Bb5 Rb2 44. c5 Rc2 45. cxd6 cxd6 46. Bc6 Rb2
47. Bb5 Rc2 48. Bc6 Kf6 49. Rb1 Bb2 50. Re1 Be5 51. Rb1 Bb2 52. Kg4 Be5 1/2-1/2

[Event "ChessOrg-Casino-Open"]
[Site "Seefeld/Tirol"]
[Date "2005.09.17"]
[Round "1"]
[White "Born, Bernd-Ludger"]
[Black "Antic, Dejan"]
[Result "0-1"]
[WhiteElo "2036"]
[BlackElo "2512"]
[PlyCount "94"]
[EventDate "2005.??.??"]

1. d4 Nf6 2. Nf3 g6 3. g3 Bg7 4. Bg2 c5 5. c3 Qc7 6. O-O O-O 7. Re1 d6 8. e4 e5
9. d5 Nbd7 10. c4 Nb6 11. b3 Bd7 12. Nc3 Rae8 13. h3 Kh8 14. a4 Nc8 15. Ra2 Ng8
16. Nh2 f5 17. f3 Nf6 18. Rf2 Ne7 19. Nf1 a6 20. Bg5 Neg8 21. Qc1 Qc8 22. Kh2
Rf7 23. Rb2 Nh5 24. Bd2 Ref8 25. Bg5 Ngf6 26. exf5 gxf5 27. Rc2 Ng8 28. Rce2
Ne7 29. Qd2 Ng6 30. Qc1 Rg8 31. Rf2 Qf8 32. Bd2 Bf6 33. Ne2 f4 34. Bh1 fxg3+
35. Nexg3 Nxg3 36. Nxg3 Bh4 37. Rg1 Nf4 38. Bxf4 exf4 39. Ne4 Bxf2 40. Nxf2
Rxg1 41. Qxg1 Qg7 42. Qxg7+ Rxg7 43. Bg2 Bf5 44. a5 Re7 45. Ne4 Bxe4 46. fxe4
Kg7 47. Kg1 Kf6 0-1

[Event "ChessOrg-Casino-Open"]
[Site "Seefeld/Tirol"]
[Date "2005.09.23"]
[Round "7"]
[White "Thoeny, Hermann"]
[Black "Ivanov, Michail"]
[Result "1/2-1/2"]
[WhiteElo "2136"]
[BlackElo "2426"]
[PlyCount "92"]
[EventDate "2005.??.??"]

1. d4 Nf6 2. Nf3 a6 3. c3 b6 4. Bf4 Bb7 5. Nbd2 Nh5 6. Bg3 Nxg3 7. hxg3 d5 8.
e3 Nd7 9. Bd3 Nf6 10. Ne5 e6 11. g4 Bd6 12. f4 Bxe5 13. fxe5 Ne4 14. Qf3 Nxd2
15. Kxd2 h6 16. Raf1 Rf8 17. Rh5 Qe7 18. Qg3 O-O-O 19. g5 hxg5 20. Rxg5 g6 21.
Rg4 Rh8 22. Rgf4 Rh7 23. Rf6 Kb8 24. Qf3 Rd7 25. g3 Ka7 26. Rh1 Rxh1 27. Qxh1
c5 28. Qf1 Rc7 29. Rf4 Bc6 30. Rh4 Be8 31. Rh7 b5 32. a3 b4 33. axb4 cxb4 34.
Qa1 Rc6 35. Rh8 Rb6 36. c4 dxc4 37. Bxc4 Bc6 38. b3 Be4 39. Qf1 Qc7 40. Rf8 Rb7
41. Qf6 Qa5 42. Rxf7 Qa2+ 43. Ke1 Qb1+ 44. Ke2 Qc2+ 45. Ke1 Qc3+ 46. Ke2 Qc2+
1/2-1/2

[Event "ChessOrg-Casino-Open"]
[Site "Seefeld/Tirol"]
[Date "2005.09.23"]
[Round "6"]
[White "Levin, Felix"]
[Black "Antic, Dejan"]
[Result "1/2-1/2"]
[WhiteElo "2498"]
[BlackElo "2512"]
[PlyCount "89"]
[EventDate "2005.??.??"]

1. d4 Nf6 2. c4 g6 3. Nc3 Bg7 4. e4 d6 5. Nf3 O-O 6. Be3 Na6 7. Be2 e5 8. O-O
Ng4 9. Bg5 Qe8 10. c5 h6 11. Bh4 dxc5 12. Bxa6 bxa6 13. Nd5 g5 14. Bg3 Rb8 15.
dxe5 Rxb2 16. Nxc7 Qc6 17. Nd5 Re8 18. Qc1 Rb6 19. Qc3 f6 20. Rac1 Nxe5 21.
Nxe5 fxe5 22. Qxc5 Qxc5 23. Rxc5 Rb8 24. Rc7 Be6 25. Rxa7 Bxd5 26. exd5 Rb5 27.
Rd1 Rd8 28. Kf1 Rdxd5 29. Rxd5 Rxd5 30. Rxa6 Rd2 31. f3 Kf7 32. a4 Ra2 33. Be1
h5 34. h3 g4 35. a5 Bf6 36. Bc3 Bh4 37. fxg4 hxg4 38. hxg4 e4 39. g3 Bg5 40.
Bd4 e3 41. Ra8 e2+ 42. Kf2 Be7 43. Bc3 Bc5+ 44. Ke1 Bd6 45. Kf2 1/2-1/2

[Event "ChessOrg-Casino-Open"]
[Site "Seefeld/Tirol"]
[Date "2005.09.25"]
[Round "9"]
[White "Bronznik, Valeri"]
[Black "Heinig, Wolfram"]
[Result "1/2-1/2"]
[WhiteElo "2390"]
[BlackElo "2319"]
[PlyCount "85"]
[EventDate "2005.??.??"]

1. d4 Nf6 2. c4 d6 3. Nf3 g6 4. Nc3 Nbd7 5. e4 e5 6. d5 Nc5 7. Qc2 a5 8. Be3
Bg7 9. Bxc5 dxc5 10. Nxe5 Nxd5 11. cxd5 Bxe5 12. Bb5+ Bd7 13. Bxd7+ Qxd7 14.
O-O O-O 15. Rad1 a4 16. f4 Bd4+ 17. Kh1 a3 18. b3 c6 19. dxc6 Qxc6 20. Nd5 Rfe8
21. f5 Rad8 22. f6 Rxd5 23. exd5 Qxd5 24. Qd2 Qc6 25. Rf3 Re6 26. Qa5 Rxf6 27.
Rxf6 Qxf6 28. Qxa3 Kg7 29. Qa8 Qe7 30. Qa5 Qh4 31. Qe1 Qh5 32. Rd3 Qd5 33. Qd1
h5 34. Qf3 Qe5 35. Rd1 b6 36. Rf1 Qe6 37. Qd3 h4 38. Qc4 Qd7 39. Qd3 b5 40. Rf3
b4 41. Qe4 Qa7 42. Qe2 Qd7 43. Qe4 1/2-1/2

[Event "ChessOrg-Casino-Open"]
[Site "Seefeld/Tirol"]
[Date "2005.09.20"]
[Round "2"]
[White "Antic, Dejan"]
[Black "Müller, Norbert"]
[Result "1-0"]
[WhiteElo "2512"]
[BlackElo "2138"]
[PlyCount "81"]
[EventDate "2005.??.??"]

1. d4 g6 2. c4 Bg7 3. Nc3 d6 4. e4 Nd7 5. Nf3 c6 6. Be2 Qc7 7. O-O Ngf6 8. Qc2
O-O 9. Be3 Re8 10. Rad1 e5 11. Rfe1 b6 12. d5 Bb7 13. Nd2 cxd5 14. cxd5 a6 15.
a4 h6 16. Nc4 Nc5 17. b4 Ncd7 18. Rc1 Rac8 19. f3 Qb8 20. Bf1 b5 21. axb5 Bxd5
22. exd5 axb5 23. Na5 Nxd5 24. Qd2 Nxe3 25. Qxe3 e4 26. fxe4 Bf6 27. Qh3 Bd4+
28. Kh1 Nf6 29. Nb3 Rxc3 30. Rxc3 Bxc3 31. Qxc3 Nxe4 32. Qe3 Qb7 33. Nd4 Qa7
34. Rc1 Qa2 35. Kg1 Qb2 36. Bxb5 Rb8 37. Rf1 d5 38. Bd3 Rxb4 39. Bxe4 Qxd4 40.
Qxd4 Rxd4 41. Bf3 1-0

[Event "ChessOrg-Casino-Open"]
[Site "Seefeld/Tirol"]
[Date "2005.09.20"]
[Round "2"]
[White "Thoeny, Hermann"]
[Black "Rotstein, Arkadij"]
[Result "0-1"]
[WhiteElo "2136"]
[BlackElo "2520"]
[PlyCount "78"]
[EventDate "2005.??.??"]

1. d4 Nf6 2. Nf3 c5 3. c4 cxd4 4. Nxd4 a6 5. Nc3 e6 6. Nc2 Qc7 7. e4 b6 8. Bd3
Bd6 9. h3 Bb7 10. O-O Bh2+ 11. Kh1 Be5 12. Qe2 Bxc3 13. bxc3 d6 14. Nd4 Nbd7
15. Nb3 Ne5 16. Nd2 O-O 17. f4 Nxd3 18. Qxd3 Rfd8 19. Rb1 b5 20. cxb5 axb5 21.
Rb2 Rdc8 22. Rc2 Qc6 23. Re1 Ra4 24. Rb2 Ba6 25. Rc2 h6 26. Kh2 Bb7 27. Rb2
Nxe4 28. Nxe4 Rxe4 29. Rxe4 Qxe4 30. Qxb5 Rxc3 31. Qxb7 Qxb7 32. Rxb7 Rxc1 33.
Rb8+ Kh7 34. Rb2 Kg6 35. Kg3 Kf5 36. Rb4 g5 37. fxg5 hxg5 38. h4 Rc3+ 39. Kf2
Ra3 0-1

[Event "ChessOrg-Casino-Open"]
[Site "Seefeld/Tirol"]
[Date "2005.09.20"]
[Round "4"]
[White "Wempe, Jürgen"]
[Black "Schirmer, Werner"]
[Result "1-0"]
[WhiteElo "2202"]
[BlackElo "2053"]
[PlyCount "65"]
[EventDate "2005.??.??"]

1. d4 Nf6 2. Nf3 g6 3. Bg5 Bg7 4. Nbd2 d6 5. e4 h6 6. Bf4 Bg4 7. Be2 Nc6 8. c3
Bxf3 9. Nxf3 Nxe4 10. d5 Nxc3 11. bxc3 Bxc3+ 12. Bd2 Bxd2+ 13. Qxd2 Ne5 14.
Nxe5 dxe5 15. Bb5+ Kf8 16. Rd1 Kg7 17. Qc3 Qd6 18. f4 f6 19. fxe5 Qb6 20. Bd7
Rad8 21. Be6 c6 22. d6 Kh7 23. Rf1 exd6 24. Rxf6 Rhf8 25. Kf1 dxe5 26. Rd7+
Rxd7 27. Rxf8 Qb5+ 28. Kf2 Rd1 29. Rf7+ Kh8 30. Bc4 Qc5+ 31. Kg3 Rd4 32. Rh7+
Kxh7 33. Bg8+ 1-0

[Event "ChessOrg-Casino-Open"]
[Site "Seefeld/Tirol"]
[Date "2005.09.25"]
[Round "9"]
[White "Levin, Felix"]
[Black "van der Weide, Karel"]
[Result "0-1"]
[WhiteElo "2498"]
[BlackElo "2482"]
[PlyCount "66"]
[EventDate "2005.??.??"]

1. c4 e5 2. g3 d6 3. Bg2 g6 4. d4 Nd7 5. e3 Bg7 6. Ne2 Ngf6 7. Nbc3 O-O 8. b3
Re8 9. h3 c6 10. Bb2 h5 11. Qc2 Qe7 12. Ba3 exd4 13. Nxd4 Nc5 14. Rd1 a5 15.
O-O a4 16. b4 Nce4 17. Nxe4 Nxe4 18. Bb2 a3 19. Ba1 Bd7 20. Ne2 Bf5 21. Qc1
Bxa1 22. Qxa1 Ra4 23. g4 hxg4 24. hxg4 Bxg4 25. f3 Nf6 26. e4 Bh5 27. Rd2 Rxb4
28. Qc3 c5 29. Rc1 Nd7 30. Nf4 Qg5 31. Nxh5 gxh5 32. Rcd1 Ne5 33. Rxd6 Rb2 0-1

[Event "ChessOrg-Casino-Open"]
[Site "Seefeld/Tirol"]
[Date "2005.09.23"]
[Round "7"]
[White "Antic, Dejan"]
[Black "van der Weide, Karel"]
[Result "1/2-1/2"]
[WhiteElo "2512"]
[BlackElo "2482"]
[PlyCount "65"]
[EventDate "2005.??.??"]

1. d4 Nf6 2. Nf3 g6 3. c4 Bg7 4. Nc3 d5 5. e3 O-O 6. b4 b6 7. Ba3 a6 8. Qb3 Bb7
9. Be2 dxc4 10. Bxc4 Bxf3 11. gxf3 b5 12. Be2 Nbd7 13. Rd1 Nb6 14. Bb2 Qd7 15.
h4 Rad8 16. Ne4 Nxe4 17. fxe4 e5 18. h5 exd4 19. hxg6 hxg6 20. exd4 Rfe8 21. f3
Qe7 22. a3 Qf6 23. e5 Qf5 24. Kf2 Nd5 25. Bd3 Qe6 26. Be4 Nf6 27. Qxe6 Nxe4+
28. fxe4 Rxe6 29. Kf3 Rf8 30. Ke2 f5 31. exf5 Rxf5 32. Rdf1 Rc6 33. Rc1 1/2-1/2

[Event "ChessOrg-Casino-Open"]
[Site "Seefeld/Tirol"]
[Date "2005.09.24"]
[Round "8"]
[White "Rotstein, Arkadij"]
[Black "Bronznik, Valeri"]
[Result "1-0"]
[WhiteElo "2520"]
[BlackElo "2390"]
[PlyCount "64"]
[EventDate "2005.??.??"]

1. Nf3 f5 2. g3 Nf6 3. Bg2 g6 4. b4 c6 5. c4 Bg7 6. Bb2 a5 7. b5 cxb5 8. cxb5
a4 9. Na3 O-O 10. O-O d6 11. d3 Nbd7 12. Qd2 Nc5 13. Rac1 Qe8 14. Rc2 h6 15.
Rfc1 g5 16. Bd4 Ne6 17. Ba1 f4 18. Nc4 Qxb5 19. Rb2 Qe8 20. Nb6 Rb8 21. Nxc8
Rxc8 22. Rxb7 Rxc1+ 23. Qxc1 Nc5 24. Ra7 fxg3 25. hxg3 Qf7 26. Qc2 g4 27. Ne5
dxe5 28. Qxc5 Rb8 29. Qc2 Qe6 30. Rxa4 h5 31. Ra8 Rxa8 32. Bxa8 Bh6 1-0

[Event "ChessOrg-Casino-Open"]
[Site "Seefeld/Tirol"]
[Date "2005.09.24"]
[Round "8"]
[White "van der Weide, Karel"]
[Black "Feige, Manuel"]
[Result "1-0"]
[WhiteElo "2482"]
[BlackElo "2387"]
[PlyCount "62"]
[EventDate "2005.??.??"]

1. e4 c5 2. Nf3 d6 3. d4 Nf6 4. Nc3 cxd4 5. Nxd4 a6 6. Be3 e6 7. g4 h5 8. g5
Ng4 9. Bc1 Qb6 10. h3 Ne5 11. Be2 g6 12. f4 Nec6 13. Nb3 Nd7 14. Rf1 Be7 15. f5
Nce5 16. Bf4 Bd8 17. Qd2 Nc5 18. O-O-O Nxb3+ 19. cxb3 exf5 20. Nd5 Qc6+ 21. Kb1
fxe4 22. Rc1 Qd7 23. Bxe5 dxe5 24. Rc7 e3 25. Qd3 Qf5 26. Rxf7 Qxd3+ 27. Bxd3
Bf5 28. R1xf5 gxf5 29. g6 Rf8 30. Rxb7 Rg8 31. g7 Bg5 1-0

[Event "ChessOrg-Casino-Open"]
[Site "Seefeld/Tirol"]
[Date "2005.09.20"]
[Round "2"]
[White "Schötzig, Detlef"]
[Black "Levin, Felix"]
[Result "0-1"]
[WhiteElo "2124"]
[BlackElo "2498"]
[PlyCount "62"]
[EventDate "2005.??.??"]

1. c4 e6 2. Nc3 d5 3. d4 c6 4. Nf3 Nf6 5. e3 a6 6. cxd5 exd5 7. Bd3 Bd6 8. O-O
O-O 9. e4 dxe4 10. Nxe4 Nxe4 11. Bxe4 Nd7 12. Bg5 Nf6 13. Bc2 Be7 14. Re1 Nd5
15. Qd3 g6 16. Bxe7 Nxe7 17. Qe3 Nf5 18. Bxf5 Bxf5 19. Qh6 Qd7 20. h3 f6 21.
Nh4 Rae8 22. Nxf5 Qxf5 23. Re3 Rxe3 24. Qxe3 Qd5 25. Re1 Qxa2 26. b3 Qa3 27.
Qe6+ Kg7 28. h4 Qa5 29. Qd7+ Rf7 30. Re7 Qe1+ 31. Rxe1 Rxd7 0-1

[Event "ChessOrg-Casino-Open"]
[Site "Seefeld/Tirol"]
[Date "2005.09.23"]
[Round "6"]
[White "van der Weide, Karel"]
[Black "Wiesinger, Robert"]
[Result "1-0"]
[WhiteElo "2482"]
[BlackElo "2235"]
[PlyCount "58"]
[EventDate "2005.??.??"]

1. e4 e5 2. Nf3 Nc6 3. d4 exd4 4. Nxd4 Nf6 5. Nxc6 bxc6 6. e5 Qe7 7. Qe2 Nd5 8.
c4 Ba6 9. b3 O-O-O 10. Bb2 f6 11. g3 fxe5 12. Bg2 Re8 13. O-O Nf6 14. Nd2 Bb7
15. Rfe1 Qf7 16. Qe3 Kb8 17. Rad1 h5 18. h3 d6 19. c5 h4 20. Nc4 Nd5 21. Qe4
Rh6 22. Na5 hxg3 23. fxg3 dxc5 24. Qc4 e4 25. Rxe4 Rxe4 26. Bxe4 Rxh3 27. Be5
Qe8 28. Rf1 Bd6 29. Bxd6 cxd6 1-0

[Event "ChessOrg-Casino-Open"]
[Site "Seefeld/Tirol"]
[Date "2005.09.17"]
[Round "1"]
[White "Levin, Felix"]
[Black "Maurer, Rainer"]
[Result "1-0"]
[WhiteElo "2498"]
[BlackElo "2035"]
[PlyCount "57"]
[EventDate "2005.??.??"]

1. d4 d5 2. c4 e6 3. Nf3 Nf6 4. Nc3 Be7 5. Bf4 O-O 6. e3 a6 7. Qc2 c5 8. dxc5
Bxc5 9. Rd1 Nc6 10. Be2 Qe7 11. a3 Rd8 12. Bg5 h6 13. Bxf6 gxf6 14. cxd5 Ne5
15. Nxe5 fxe5 16. O-O Bd7 17. Bf3 Rac8 18. Qb3 b5 19. dxe6 Bxe6 20. Bd5 Bf5 21.
Rd2 Rd6 22. Ne2 Rcd8 23. Ng3 Bg6 24. Rfd1 Kh7 25. Qc3 R6d7 26. h4 f5 27. h5
Bxh5 28. Nxh5 Qg5 29. Bg8+ 1-0

[Event "ChessOrg-Casino-Open"]
[Site "Seefeld/Tirol"]
[Date "2005.09.23"]
[Round "7"]
[White "Bronznik, Valeri"]
[Black "Kyas, Jürgen"]
[Result "1-0"]
[WhiteElo "2390"]
[BlackElo "2240"]
[PlyCount "51"]
[EventDate "2005.??.??"]

1. d4 Nf6 2. c4 g6 3. Nc3 d5 4. cxd5 Nxd5 5. Bd2 Bg7 6. e4 Nb6 7. Be3 O-O 8. h3
f5 9. exf5 Bxf5 10. Nf3 Nc6 11. Qb3+ Kh8 12. d5 Ne5 13. Nxe5 Bxe5 14. O-O-O a5
15. g4 Bd7 16. Kb1 Nc8 17. f4 Rxf4 18. Bxf4 Bxf4 19. Bb5 Nd6 20. Bxd7 Qxd7 21.
Rhe1 b5 22. Ne4 Nxe4 23. Rxe4 Bg5 24. d6 Rd8 25. Qd5 Qxd6 26. Qe5+ 1-0

[Event "ChessOrg-Casino-Open"]
[Site "Seefeld/Tirol"]
[Date "2005.09.21"]
[Round "5"]
[White "Rotstein, Arkadij"]
[Black "van der Weide, Karel"]
[Result "1-0"]
[WhiteElo "2520"]
[BlackElo "2482"]
[PlyCount "44"]
[EventDate "2005.??.??"]

1. c4 Nf6 2. Nc3 g6 3. g3 Bg7 4. Bg2 O-O 5. e4 c5 6. Nge2 Nc6 7. d3 d6 8. O-O
a6 9. a4 Bd7 10. h3 Ne8 11. Be3 Nd4 12. Rb1 Nc7 13. b4 Bc6 14. bxc5 dxc5 15. a5
Nce6 16. Nd5 Re8 17. Nxd4 cxd4 18. Bd2 Nc5 19. Qe2 e5 20. f4 f5 21. Bb4 Bxd5
22. cxd5 Rc8 1-0

[Event "ChessOrg-Casino-Open"]
[Site "Seefeld/Tirol"]
[Date "2005.09.23"]
[Round "7"]
[White "Müller, Norbert"]
[Black "Wempe, Jürgen"]
[Result "1/2-1/2"]
[WhiteElo "2138"]
[BlackElo "2202"]
[PlyCount "42"]
[EventDate "2005.??.??"]

1. g3 f5 2. Bg2 Nf6 3. b3 d6 4. Bb2 e6 5. d3 g6 6. e4 Bg7 7. Ne2 Nc6 8. O-O O-O
9. Nd2 Ne7 10. b4 e5 11. c4 f4 12. gxf4 Nh5 13. fxe5 Nf4 14. Nxf4 Rxf4 15. Bd4
Bxe5 16. Be3 Rh4 17. Nf3 Bg4 18. h3 Bxf3 19. Bxf3 h5 20. Bg5 (20. d4 Qd7 21.
dxe5 Qxh3 22. Re1 Rf8 23. Bg5 Qh2+ 24. Kf1 Rh3 25. Bf6 dxe5 {
Eine Variante zum Beobachten, wie Fritz seine Meinung ändern kann}) 20... Rxh3
21. d4 {Diagramm #} Nd5 {Diagramm #} 1/2-1/2

[Event "ChessOrg-Casino-Open"]
[Site "Seefeld/Tirol"]
[Date "2005.09.20"]
[Round "2"]
[White "Schmidt, Jürgen"]
[Black "Ivanov, Michail"]
[Result "0-1"]
[WhiteElo "2122"]
[BlackElo "2426"]
[PlyCount "34"]
[EventDate "2005.??.??"]

1. e4 c5 2. Nf3 a6 3. g3 b5 4. a4 Bb7 5. axb5 axb5 6. Rxa8 Bxa8 7. Bxb5 Bxe4 8.
Nc3 Bb7 9. O-O e6 10. d4 Nf6 11. Be3 cxd4 12. Nxd4 Be7 13. f4 O-O 14. f5 e5 15.
Nb3 d5 16. Na4 d4 17. Nbc5 Ba8 0-1

[Event "ChessOrg-Casino-Open"]
[Site "Seefeld/Tirol"]
[Date "2005.09.17"]
[Round "1"]
[White "Ivanov, Michail"]
[Black "Aigner, Georg"]
[Result "1-0"]
[WhiteElo "2426"]
[BlackElo "2033"]
[PlyCount "29"]
[EventDate "2005.??.??"]

1. Nf3 d5 2. d4 Nf6 3. c4 c6 4. Qc2 e6 5. Bg5 Be7 6. e3 Ne4 7. Bxe7 Qxe7 8. Nc3
f5 9. cxd5 exd5 10. Nxd5 cxd5 11. Qxc8+ Qd8 12. Bb5+ Ke7 13. Qxb7+ Nd7 14. Ne5
Kf6 15. Qc6+ 1-0